01139nam a2200301Ia 4500001001200000003000800012006001900020007001500039008004100054020001800095020001800113040002100131035002100152050002700173082001400200100001900214245011200233260003300345300001100378533015200389650002500541650003900566650004300605655002900648710001700677856012600694999001700820ebr10740157CaPaEBRm o u cr cn|||||||||130801s2013 nju s 000 0 eng|d z9781118612767 z9781118612101 aCaPaEBRcCaPaEBR a(OCoLC)85497740114aQA76.9.S84bE88 2013eb04a005.12231 aStephens, Rod.10aEssential algorithmsh[electronic resource] :ba practical approach to computer algorithms /cRod Stephens. aHoboken, NJ :bWiley,c2013. a758 p. aElectronic reproduction.bPalo Alto, Calif. :cebrary,d2013.nAvailable via World Wide Web.nAccess may be limited to ebrary affiliated libraries. 0aComputer algorithms. 0aData structures (Computer science) 0aPseudocode (Computer program language) 7aElectronic books.2local2 aebrary, Inc.40uhttp://site.ebrary.com/lib/rucke/Doc?id=10740157zAn electronic book accessible through the World Wide Web; click to view c35287d35287